Fundamental statistics for social research : step-by-step calculations and computer techniques using SPSSfor Windows

Saved in:
Bibliographic Details
Main Author: Cramer, Duncan 1948-
Format: Book
Language:English
Published: London : Routledge, 1998
Subjects:
Tags: Add Tag
No Tags, Be the first to tag this record!

MARC

LEADER 00000nam a2200000 i 4500
001 1/71869
008 050221s1998 eng d
020 |a 0-415-17203-9 (hbk) 
020 |a 0-415-17204-7 (pbk) 
035 |l 10076657 
040 |a GR-MY-UA  |b gre  |e aacr 
041 0 |a eng 
082 0 |a 519.5  |2 (21) 
100 1 |a Cramer, Duncan  |d 1948- 
245 1 0 |a Fundamental statistics for social research :  |b step-by-step calculations and computer techniques using SPSSfor Windows /  |c Duncan Cramer 
260 |a London :   |b Routledge,   |c 1998 
300 |a 456 σ.;  |b πίν.;  |c 24 εκ. 
504 |a Περιέχει βιβλιογραφικές παραπομπές και ευρετήριο 
630 0 0 |a SPSS (Computer file) 
650 0 0 |a Social sciences  |x Statistical methods  |x Computer programs. 
852 |a INST  |b LESVOS  |e 20050221  |h 519.5 CRA  |p 005100030244  |q 005100030244  |t BK  |y 0 
901 |a BIBL1-2005-1 
909 |a Λ  |b 116247 
920 |a ΔΙΕΥΡΥΝΣΗ  |b ΕΠΕΑΕΚ/ΤΚ  |y ΛΕΣΒΟΣ  |z 2004-10 
970 |a ΜΑΡΙΝΑΤΟΥ  |b ΜΥΡΣΙΝΗ  |z 2005/02/21